| 000 | 00344nam a22001337a 4500 | ||
|---|---|---|---|
| 082 |
_a355.31 _bGER _cL-30, P-66 |
||
| 100 |
_aGeraghty, Tony _948775 |
||
| 245 | _aWho dares wins | ||
| 260 |
_aLondon _bArms and armour press _c1980 |
||
| 300 |
_a249 p; _bill |
||
| 526 |
_a0 _b0 _c0 _d355_310000000000000_GER |
||
| 650 |
_aMCE _9379 |
||
| 942 |
_2ddc _cBK |
||
| 999 |
_c551631 _d551631 |
||